Management of organizational behaviour: Utilizing human resources (Record no. 30577)

MARC details
000 -LEADER
fixed length control field 00370nam a2200133Ia 4500
082 ## - DEWEY DECIMAL CLASSIFICATION NUMBER
Classification number 065.013
Item number HER
100 ## - MAIN ENTRY--AUTHOR NAME
Personal name Blanchard, Kenneth H
245 #0 - TITLE STATEMENT
Title Management of organizational behaviour: Utilizing human resources
260 ## - PUBLICATION, DISTRIBUTION, ETC. (IMPRINT)
Place of publication New Delhi
Name of publisher Prentice Hall
Year of publication 1978
650 ## - SUBJECT ADDED ENTRY--TOPICAL TERM
Topical Term Management
700 ## - ADDED ENTRY--PERSONAL NAME
Personal name Paul
942 ## - ADDED ENTRY ELEMENTS (KOHA)
Koha item type Books
Holdings
Withdrawn status Lost status Damaged status Not for loan Home library Current library Date acquired Cost, normal purchase price Full call number Accession Number Koha item type
        RRII Library RRII Library 16/12/2021 19.00 065.013 HER 11148 Books